ბათუმის შოთა რუსთაველის სახელმწიფო უნივერსიტეტის ბიბლიოთეკა

Anatomy and Physiology Coloring Workbook : (ბიბ.ჩანაწერი № 57395)

000 -LEADER
fixed length control field 00679nam a22002057a 4500
005 - DATE AND TIME OF LATEST TRANSACTION
control field 20221107164107.0
008 - FIXED-LENGTH DATA ELEMENTS--GENERAL INFORMATION
fixed length control field 200615b xxu||||| |||| 00| 0 geo d
020 ## - INTERNATIONAL STANDARD BOOK NUMBER
International Standard Book Number 9780321960771 X
041 ## - LANGUAGE CODE
Language code of text/sound track or separate title eng
080 ## - UNIVERSAL DECIMAL CLASSIFICATION NUMBER
Universal Decimal Classification number 611+612 M-30
100 ## - MAIN ENTRY--PERSONAL NAME
Personal name Marieb, Elaine N.
9 (RLIN) 8423
245 ## - TITLE STATEMENT
Title Anatomy and Physiology Coloring Workbook :
Remainder of title A Complete Study Guide /
Statement of responsibility, etc. Elaine N. Marieb.
250 ## - EDITION STATEMENT
Edition statement eleventh edition
264 ## - PRODUCTION, PUBLICATION, DISTRIBUTION, MANUFACTURE, AND COPYRIGHT NOTICE
Place of production, publication, distribution, manufacture Boston :
Name of producer, publisher, distributor, manufacturer Pearson,
Date of production, publication, distribution, manufacture, or copyright notice 2015
300 ## - PHYSICAL DESCRIPTION
Extent 404p.
Other physical details 28 cm.
653 ## - INDEX TERM--UNCONTROLLED
keyword ადამიანის ანატომია
653 ## - INDEX TERM--UNCONTROLLED
keyword ადამიანის ფიზიოლოგია
653 ## - INDEX TERM--UNCONTROLLED
keyword მედიცინა
942 ## - ADDED ENTRY ELEMENTS (KOHA)
Source of classification or shelving scheme
Koha item type წიგნი
ეგზემპლარები
Withdrawn status Lost status Source of classification or shelving scheme Damaged status Not for loan Permanent Location Current Location Shelving location Date acquired Cost, normal purchase price Full call number Barcode Date last seen Copy number Price effective from Koha item type Public note
          ბათუმის შოთა რუსთაველის სახელმწიფო უნივერსიტეტის მთავარი ბიბლიოთეკა ბათუმის შოთა რუსთაველის სახელმწიფო უნივერსიტეტის მთავარი ბიბლიოთეკა წიგნსაცავი 2020-06-15 174.00 611+612 M-30 60592 2020-06-15 60592 2020-06-15 წიგნი 174 gel.